000 00647nam a22002297a 4500
003 UA-OsUOA
001 38719
007 ta
008 20080207b un ||||| |||| 00| 0 ukr d
100 _aДоманкушич С. Мілетич А.
090 _a94(100)
_bД66
942 _cBK
040 _aUA-OsUOA
_bukr
_cUA-OsUOA
_dUA-OsUOA
245 _aІван Сенюк-Вуйко народний герой Югославії (1920-1944)
300 _a112 с.
955 _a1
041 _aukr
080 _a94(100)
260 _aВуковар
_c1988
650 7 _a9 Географія. Біографії. Історія
_2UDC
999 _c437241
_d437241